Dans quelle écurie n’a pas été ce pilote de F1 ? - Statistiques

Statistiques générales
  • Ce quiz a été pris 290 fois
  • Le résultat moyen est 8 sur 10
Statistiques - réponses
Question Réponse % Correct
Daniel Ricciardo
100%
Pierre Gasly
94%
Fernando Alonso
91%
Valtteri Bottas
90%
Alexander Albon
88%
Sebastian Vettel
87%
Carlos Sainz Jr.
80%
Michael Schumacher
78%
Sergio Pérez
61%
Kevin Magnussen
46%
Aucun quiz correspondant
Distribution des résultats
% des personnes avec chaque résultat
Percentile par nombre de réponses
Votre historique - résultats
Vous n’avez pas pris ce quiz